| 000 | 00493nam a2200121 4500 | ||
|---|---|---|---|
| 999 |
_c13003 _d13003 |
||
| 008 | 190206b ||||| |||| 00| 0 eng d | ||
| 082 | _aDPer 959.9048 P53p May 2013- April 2014 v. 22-23 | ||
| 245 |
_aSocial and economic progress: _bdoing away with dishonesty, corruption, and self-interest. |
||
| 260 |
_aSan Miguel, Manila : _bOP-Bureau of Communications Services, _c©May 2013-©Apr 2014. |
||
| 300 |
_av23 n1, pages 17-18; _c23 cm |
||
| 650 |
_aEconomic conditions. _936670 |
||
| 942 |
_2ddc _cPER |
||